<?xml version="1.0" encoding="UTF-8"?>
<record
    xmlns:xsi="http://www.w3.org/2001/XMLSchema-instance"
    xsi:schemaLocation="http://www.loc.gov/MARC21/slim http://www.loc.gov/standards/marcxml/schema/MARC21slim.xsd"
    xmlns="http://www.loc.gov/MARC21/slim">

  <leader>01650nam a22002657a 4500</leader>
  <controlfield tag="003">OSt</controlfield>
  <controlfield tag="005">20210224111302.0</controlfield>
  <controlfield tag="008">210224s2017    ck ||||gr|||| 00| 0 spa d</controlfield>
  <datafield tag="020" ind1=" " ind2=" ">
    <subfield code="a">9789584804006</subfield>
  </datafield>
  <datafield tag="020" ind1=" " ind2=" ">
    <subfield code="a">9584252461</subfield>
  </datafield>
  <datafield tag="040" ind1=" " ind2=" ">
    <subfield code="a">CO-JMCR</subfield>
    <subfield code="c">CO-JMCR</subfield>
  </datafield>
  <datafield tag="041" ind1="0" ind2=" ">
    <subfield code="a">spa</subfield>
  </datafield>
  <datafield tag="082" ind1="0" ind2="4">
    <subfield code="a">986.103 / </subfield>
    <subfield code="b">V152g</subfield>
    <subfield code="2">23</subfield>
  </datafield>
  <datafield tag="100" ind1="1" ind2=" ">
    <subfield code="a">Valencia Santana, Luis Guillermo,</subfield>
    <subfield code="e">autor</subfield>
    <subfield code="9">13852</subfield>
  </datafield>
  <datafield tag="245" ind1="1" ind2="4">
    <subfield code="a">Los grillo, m&#xE1;rtires de la independencia en 1816 : </subfield>
    <subfield code="b">Fusilados en Facatativ&#xE1; el 31 de agosto de 1816 / </subfield>
    <subfield code="c">Luis Guillermo Valencia Santana  </subfield>
  </datafield>
  <datafield tag="250" ind1=" " ind2=" ">
    <subfield code="a">Segunda edici&#xF3;n </subfield>
  </datafield>
  <datafield tag="260" ind1=" " ind2=" ">
    <subfield code="a">[Bogot&#xE1;] : </subfield>
    <subfield code="b">L. G. Grillo Olarte, </subfield>
    <subfield code="c">2017</subfield>
  </datafield>
  <datafield tag="300" ind1=" " ind2=" ">
    <subfield code="a">107 p&#xE1;ginas ; </subfield>
    <subfield code="c">23 cm.</subfield>
  </datafield>
  <datafield tag="500" ind1=" " ind2=" ">
    <subfield code="a">Datos biogr&#xE1;ficos del autor en solapa frontal </subfield>
  </datafield>
  <datafield tag="505" ind1="0" ind2=" ">
    <subfield code="a">Los m&#xE1;rtires de Facatativ&#xE1; -- Mariano Grillo -- El origen de los Grillo en Am&#xE9;rica -- Algunos descendientes -- El testamento - Mariano y Joaqu&#xED;n Grillo -- La &#xE9;poca -- El 20 de Julio de 1810 -- Firma de acta de independencia -- Morillo llega a Am&#xE9;rica -- El martirologio -- El consejo de la purificaci&#xF3;n La c&#xE1;rcel del Rosario -- Relatos de un d&#xED;a tr&#xE1;gico en Facatativ&#xE1; -- El Centenario -- La celebraci&#xF3;n del Centenario de la independencia 1910 -- Monumento a los m&#xE1;rtires </subfield>
  </datafield>
  <datafield tag="520" ind1="0" ind2=" ">
    <subfield code="a">Mariano y Joaqu&#xED;n Grillo, padre e hijo respectivamente, fueron fusilados el 31 de agosto de 1816 en la plaza de Facatativ&#xE1;. Los condenaron por participar de la lucha de la independentista contra la administraci&#xF3;n pol&#xED;tica de la Corona espa&#xF1;ola en el Virreinato de la Nueva Granada.  </subfield>
  </datafield>
  <datafield tag="650" ind1="2" ind2="4">
    <subfield code="a">Historia Facatativ&#xE1; </subfield>
    <subfield code="z">Colombia </subfield>
    <subfield code="9">13853</subfield>
  </datafield>
  <datafield tag="650" ind1="2" ind2="4">
    <subfield code="a">Fusilamiento </subfield>
    <subfield code="z">Colombia </subfield>
    <subfield code="9">13854</subfield>
  </datafield>
  <datafield tag="942" ind1=" " ind2=" ">
    <subfield code="2">ddc</subfield>
    <subfield code="c">BK</subfield>
  </datafield>
  <datafield tag="999" ind1=" " ind2=" ">
    <subfield code="c">7309</subfield>
    <subfield code="d">7309</subfield>
  </datafield>
</record>
